01581nam a2200409 i 450000100060000000300080000600500170001400600190003100700150005000800410006502000280010602000180013403500220015204000310017405000240020508000230022908000250025208200150027710000360029224501060032826400430043426400110047730000410048833600310052933700330056033800430059349000400063650400390067658800830071559001620079860000340096060000520099465500270104679700180107385600630109199900170115481858FINmELB20241217151858.0m o u cr cn|||||||||200923s2018 sp ob 000 0 cat d a9788417690519q(e-book) z9788417690526 a(OCoLC)1193995437 aFINmELBbspaerdacFINmELB 4aB753.I24bL548 2018 a1 Derrida, Jacques a929 Derrida, Jacques00a181.922231 aLlevadot, Laura,d1970-eautor.10aJacques Derrida :bdemocráacia i sobirania /cLaura Llevadot ; presentació, Joan-Carles Mèlich. 1aBarcelona :bGedisa Editorial,c[2018] 4c©2018 a1 recurso en línea (125 páginas) atextobtxt2rdacontent/spa acomputadorabc2rdamedia/spa arecurso en líneabcr2rdacarrier/spa0 aPensament polític postfundacional aBibliografía: páginas 119-124. aDescripción basada en metadatos suministrados por el editor y otras fuentes. aRecurso electrónico. Santa Fe, Arg.: elibro, 2020. Disponible vía World Wide Web. El acceso puede estar limitado para las bibliotecas afiliadas a elibro.14aDerrida, Jacques,d1930-2004.10aDerrida, JacquesxCriticism and interpretation. 4aLibros electrónicos.2 aelibro, Corp.40uhttps://elibro.net/ereader/politecnicointernacional/126724 c81858d81858